Regresión lineal (Record no. 125988)

MARC details
000 -LEADER
campo de control de longitud fija 00581nam a2200169 4500
001 - NÚMERO DE CONTROL
campo de control 125988
003 - IDENTIFICADOR DE NÚMERO DE CONTROL
campo de control ES-MaACL
005 - FECHA Y HORA DE LA ÚLTIMA TRANSACCIÓN
campo de control 20230906192730.0
007 - CAMPO FIJO DE DESCRIPCIÓN FÍSICA--INFORMACIÓN GENERAL
campo de control de longitud fija t|
008 - DATOS DE LONGITUD FIJA--INFORMACIÓN GENERAL
campo de control de longitud fija 070214s1983 sp r ||||1| spa d
245 00 - MENCIÓN DEL TÍTULO
Título Regresión lineal
Resto del título : un enfoque conceptual y práctico /
Mención de responsabilidad, etc. E. Carbonell... [et al.].
260 ## - PUBLICACIÓN, DISTRIBUCIÓN, ETC.
Lugar de publicación, distribución, etc. Madrid :
Nombre del editor, distribuidor, etc. Instituto Nacional de Investigaciones Agrarias,
Fecha de publicación, distribución, etc. 1983.
300 ## - DESCRIPCIÓN FÍSICA
Extensión 188 p. :
Otras características físicas il. ;
Dimensiones 24 cm.
700 1# - ENTRADA AGREGADA--NOMBRE PERSONAL
Nombre de persona Carbonell, E.
9 (RLIN) 35037
710 2# - ENTRADA AGREGADA--NOMBRE DE ENTIDAD CORPORATIVA
Nombre de entidad corporativa o nombre de jurisdicción como elemento de entrada Instituto Nacional de Investigaciones Agrarias (España)
9 (RLIN) 5168
852 ## - LOCALIZACIÓN
Ubicación ES-MaACL
Número de control de estantería L-5878
Sublocalización o colección R.105812
Holdings
Estatus retirado Estado de pérdida Estado de daño No para préstamo Biblioteca de origen Biblioteca actual Ubicación en estantería Fecha de adquisición Fuente de adquisición Total de préstamos Signatura topográfica completa Código de barras Visto por última vez Precio de reemplazo Tipo de ítem Koha
        Biblioteca del Ateneo de Madrid Biblioteca del Ateneo de Madrid Depósito 2 17/01/2008     L-5878 1131235 23/02/2023 23/02/2023 Libro impreso